Регионална библиотека "Любен Каравелов" - Русе

Това е тайна! (Запис номер 70566)

MARC детайли
000 -Лидер
Контролно поле с фиксирана дължина 01550nam a2200361 c 4500
003 - Код на организацията, давaща контролен номер
Контролно поле BLK
005 - Дата и час на последна редакция
Контролно поле 20190817112609.0
008 - Елементи от данни с фиксирана дължина
fixed length control field 180408b bul|||||r ||||||| ||bul||
010 ## - Наследен системен номер
LC control number KNG00074926000
020 ## - Международен стандартен номер на книга ISBN
Международен стандартен номер на книга ISBN 954-625-364-2
040 ## - Източник на каталожния запис
Идентификатор на билиотеката - собственик на записа BLK
041 ## - Код за език
Код за езика на текст/звукозапис или на отделно заглавие Български
Код за езика КДБФ Български
080 ## - УДК
Текстов определител УДК Немска литература
УДК код - определител по УДК 821.112.2
УДК определител -93-32
УДК - код + определител 821.112.2-93-32
100 1# - Редна дума - Автор
Автор Брецина, Томас
Авторска отговорност първи автор
R(LIN) 43277
139 ## - Редно поле
Редна дума Брецина, Томас
Авторски знак Бре - Б 80
245 10 - Сведения за заглавието
Заглавие Това е тайна!
Подзаглавни данни Кн. 1 -
Редно поле (дума) Томас Брецина; прев. Десислава Лазарова; ил. Ролф Бунзе.
Том Кн. 14
Заглавие на том Модната агенция
257 ## - Страна на издаване
Страна на създаване/издаване Германия
260 ## - Област на издателските данни
Година на издаване 2004 -
300 ## - Физическа характеристика
Размери/Мащаб 20 см
380 ## - Жанр
Жанр Детска худож. лит.
500 ## - Общи забележки
Забележка Кор. опис. - Съдържа и текст на кодираните писма.
653 ## - Ключова дума – ненормативна
Ключова дума повести
653 ## - Ключова дума – ненормативна
Ключова дума литература за деца
653 ## - Ключова дума – ненормативна
Ключова дума детска литература
700 1# - Други автори (авторска отговорност)
Лично име Лазарова, Десислава
Автороска отговорност (Описва отношението между автора и произведението) прев.
9 (RLIN) 364570
700 1# - Други автори (авторска отговорност)
Лично име Бунзе, Ролф
Автороска отговорност (Описва отношението между автора и произведението) ил.
9 (RLIN) 43912
760 1# - Описание на основната серия
Редна дума на основното описание Брецина, Томас
Място на издаване, издател и година Фют, 2006
Страници - том 115 с. : с ил.
Забележка - том Ориг. загл. Her mit den flotten Klamotten.
Заглавие Кн. 14 Модната агенция
852 ## - Местоположение
Форматна сигнатура Цб 218680
856 4# - Електронен адрес и достъп
Електронен формат pdf - файл
856 4# - Електронен адрес и достъп
Електронен формат pdf - файл
999 ## - СИСТЕМНИ КОНТРОЛНИ НОМЕРА
Koha biblionumber 70566
Koha biblioitemnumber 70566
942 ## - АРТИКУЛИ
Вид на библиотечния материал Книги
Скрит в OPAC Не
Koha issues (borrowed), all copies 5
Периодичен библиозапис Да
944 ## - СЪЗДАВАНЕ И РЕДАКЦИЯ на ЗАПИСА
Създаване/Редакция Създаване
Дата на регистрацията/редакция 15.05.2007
Статус, дата на статуса ф /
Служител, извършил регистрацията/редакцията Геновева_Генчева
944 ## - СЪЗДАВАНЕ И РЕДАКЦИЯ на ЗАПИСА
Създаване/Редакция Редакция
Дата на регистрацията/редакция 10.10.2017
Статус, дата на статуса ф /
Служител, извършил регистрацията/редакцията Людмила_Стоянова
999 ## - СИСТЕМНИ КОНТРОЛНИ НОМЕРА
Koha biblioitemnumber 70566
Наличности
Код за отписване Код за изгубен артикул Код за повреда Коз за рестрикции Код за отдаване Артикулен № Име на библиотеката - собственик Име на библиотеката, в която се намира в момента Статус (Текущо местоположение) Дата на вписване в системата Местоположение - отдел Цена в лева Инвентарен номер Систематично азбучна сигнатура Баркод Номер на екземпляра Цена в евро Служебна бележка Служебен тип на артикула Източник на класификационната схема
  Не е изгубен Не е повреден без рестрикции ползва се в читалня 115228 Регионална библиотека "Любен Каравелов" Русе Регионална библиотека "Любен Каравелов" Русе Хранилище 2007-05-14 Хранилище 2.90 120000713476 Цб 218680 120000713476 1 1.48 Дост: Dp Вид: Д N: 49 Дата: 08.11.2006 Книги  
Изтеглен Не е изгубен Не е повреден без рестрикции заемане за дома 115229 Регионална библиотека "Любен Каравелов" Русе Регионална библиотека "Любен Каравелов" Русе Детски отдел 2009-11-24 Детски отдел 2.90 120000739898 ДХ 820/899/Б 80 120000739898 2 1.48 Дост: Pk Вид: Ф N: 22435 Дата: 17.11.2009 Дата инв: 05.08.2015 Бележки инв: Д2015 Книги Universal Decimal Classification
  Не е изгубен Не е повреден без рестрикции заемане за дома 115230 Регионална библиотека "Любен Каравелов" Русе Регионална библиотека "Любен Каравелов" Русе Детски отдел 2009-11-24 Детски отдел 2.90 120000739899 ДХ 820/899/Б 80 120000739899 3 1.48 Дост: Pk Вид: Ф N: 22435 Дата: 17.11.2009 Дата инв: 05.08.2015 Бележки инв: Д2015 Книги  
Изтеглен Не е изгубен Не е повреден без рестрикции заемане за дома 115231 Регионална библиотека "Любен Каравелов" Русе Регионална библиотека "Любен Каравелов" Русе Детски отдел 2009-11-24 Детски отдел 2.90 120000739900 ДХ 820/899/Б 80 120000739900 4 1.48 Дост: Pk Вид: Ф N: 22435 Дата: 17.11.2009 Дата инв: 05.08.2015 Бележки инв: Д2015 Книги Universal Decimal Classification
  Не е изгубен Не е повреден без рестрикции заемане за дома 115232 Регионална библиотека "Любен Каравелов" Русе Регионална библиотека "Любен Каравелов" Русе Детски отдел 2012-07-25 Детски отдел 2.90 120000759123 ДХ 820/899/Б 80 120000759123 5 1.48 Дост: DA Вид: А N: 15 Дата: 25.07.2012 Дата инв: 05.08.2015 Бележки инв: Д2015 Книги  
  Не е изгубен Не е повреден без рестрикции заемане за дома 115233 Регионална библиотека "Любен Каравелов" Русе Регионална библиотека "Любен Каравелов" Русе Детски отдел 2017-10-06 Детски отдел 2.90 120000815622 ДХ 820/899/Б 80 120000815622 6 1.48 Дост: DA Вид: А N: 38 Дата: 06.10.2017 Книги  
  Не е изгубен Не е повреден без рестрикции заемане за дома 731309 Регионална библиотека "Любен Каравелов" Русе Регионална библиотека "Любен Каравелов" Русе Детски отдел 2019-07-31 Детски отдел 2.90   ДХ 820/899/ Б80 120000835347   1.48   Книги Universal Decimal Classification
Vip Innovations Ltd, Rousse, Bulgaria 2025